|
|
|
|
| LEADER |
00990cam a2200229 7i4500 |
| 001 |
0000036769 |
| 005 |
20180412090000.0 |
| 008 |
101005 bm |
| 090 |
0 |
0 |
|a TA897
|b .N67 2009
|
| 100 |
0 |
|
|a Norfarhana Firdus
|
| 245 |
1 |
0 |
|a "Anak ikan dan berudu"
|c Norfarhana bt Firdus, Noor Aisyah bt Abu Bakar.
|
| 260 |
|
|
|a Bestari Jaya, Selangor:
|b UNISEL,
|c 2009.
|
| 300 |
|
|
|a xi, 43 p.:
|b col. ill.;
|c 30 cm.
|
| 500 |
|
|
|a Please login MyLib (library.unisel.edu.my/web/guest/mylibrary - click eDocument)
|
| 502 |
|
|
|a Project Report (Diploma of Information Technology), UNISEL, 2009
|
| 504 |
|
|
|a Includes bibliographical references
|
| 610 |
2 |
|
|a Universiti Industri Selangor
|
| 650 |
0 |
0 |
|a Computer animation
|
| 700 |
0 |
|
|a Noor Aisyah Abu Bakar
|
| 997 |
|
|
|a Communication, Visual Art & Computing, Faculty
|b Computing, Department
|
| 998 |
|
|
|a Information Technology, Diploma
|
| 999 |
|
|
|a PRC0000521
|b PROJECT REPORT COLLECTION
|c PROJECT REPORT COLLECTION
|e Thesis Room, Bestari Jaya
|